| 000 | 01516nam a2200373 a 4500 | ||
|---|---|---|---|
| 001 | ebr10392802 | ||
| 003 | CaPaEBR | ||
| 006 | m u | ||
| 007 | cr cn||||||||| | ||
| 008 | 000810s1999 enk sb 001 0 eng | ||
| 010 | _z 00700088 | ||
| 020 | _z0761956158 | ||
| 020 | _z9780761956150 | ||
| 020 | _z0761956166 (pbk.) | ||
| 020 | _z9780857026194 (e-book) | ||
| 040 |
_aCaPaEBR _cCaPaEBR |
||
| 035 | _a(OCoLC)47011350 | ||
| 050 | 1 | 4 |
_aRC437.5 _b.L364 1999eb |
| 082 | 0 | 4 |
_a16.89/14/01 _2621 |
| 100 | 1 |
_aLangs, Robert, _d1928- |
|
| 245 | 1 | 0 |
_aPsychotherapy and science _h[electronic resource] / _cRobert Langs. |
| 260 |
_aLondon ; _aThousand Oaks, Calif. : _bSAGE Publications, _c1999. |
||
| 300 | _a202 p. | ||
| 490 | 1 | _aPerspectives on psychotherapy | |
| 504 | _aIncludes bibliographical references (p. [190]-196) and indexes. | ||
| 505 | 0 | _apt. 1. Preparing the way to science -- pt. 2. Model-making -- pt. 3. A formal science for psychotherapy -- pt. 4. Joining forces with other sciences. | |
| 533 |
_aElectronic reproduction. _bPalo Alto, Calif. : _cebrary, _d2013. _nAvailable via World Wide Web. _nAccess may be limited to ebrary affiliated libraries. |
||
| 650 | 0 |
_aPsychotherapy _xPhilosophy. |
|
| 650 | 0 |
_aScience _xPhilosophy. |
|
| 655 | 7 |
_aElectronic books. _2local |
|
| 710 | 2 | _aebrary, Inc. | |
| 830 | 0 | _aPerspectives on psychotherapy. | |
| 856 | 4 | 0 |
_uhttp://site.ebrary.com/lib/rucke/Doc?id=10392802 _zAn electronic book accessible through the World Wide Web; click to view |
| 999 |
_c89046 _d89046 |
||